The Harriet Lane handbook : (Record no. 98997)

MARC details
000 -LEADER
fixed length control field 02225cam a22004335i 4500
003 - CONTROL NUMBER IDENTIFIER
control field URS
005 - DATE AND TIME OF LATEST TRANSACTION
control field 20260311144638.0
008 - FIXED-LENGTH DATA ELEMENTS--GENERAL INFORMATION
fixed length control field 231219s2024 paua f 001 0 eng d
020 ## - INTERNATIONAL STANDARD BOOK NUMBER
International Standard Book Number 9780323876988
020 ## - INTERNATIONAL STANDARD BOOK NUMBER
International Standard Book Number 0323876986
020 ## - INTERNATIONAL STANDARD BOOK NUMBER
Cancelled/invalid ISBN 9780323878036
040 ## - CATALOGING SOURCE
Original cataloging agency UKMGB
Language of cataloging English
Description conventions rda
Transcribing agency UKMGB
Modifying agency OCLCF
-- YDX
-- OCLCO
-- WSU
-- OCLCO
-- OCLCQ
-- OCLCO
-- DLC
050 10 - LIBRARY OF CONGRESS CALL NUMBER
Classification number RJ48
Item number .H2358 2024
082 04 - DEWEY DECIMAL CLASSIFICATION NUMBER
Classification number 618.92
110 2# - MAIN ENTRY--CORPORATE NAME
Corporate name or jurisdiction name as entry element Harriet Lane Service (Johns Hopkins Hospital),
Relator term author.
245 14 - TITLE STATEMENT
Title The Harriet Lane handbook :
Remainder of title a manual for pediatric house officers /
Statement of responsibility, etc the Harriet Lane house staff at The Charlotte R. Bloomberg Children's Center of The Johns Hopkins Hospital ; editors, Camille C. Anderson, Sunaina Kapoor, Tiffany E. Mark.
250 ## - EDITION STATEMENT
Edition statement Twenty-third edition.
264 #1 - PUBLICATION, DISTRIBUTION, ETC. (IMPRINT)
Place of publication, distribution, etc Philadelphia, PA :
Name of publisher, distributor, etc Elsevier,
Date of publication, distribution, etc ©2024.
300 ## - PHYSICAL DESCRIPTION
Extent xvi, 1293 pages :
Other physical details illustrations (some color) ;
Dimensions 19 cm.
336 ## - CONTENT TYPE
Content type term text
Content type code txt
Source rdacontent
336 ## - CONTENT TYPE
Content type term still image
Content type code sti
Source rdacontent
337 ## - MEDIA TYPE
Media type term unmediated
Media type code n
Source rdamedia
338 ## - CARRIER TYPE
Carrier type term volume
Carrier type code nc
Source rdacarrier
500 ## - GENERAL NOTE
General note Includes ebook access.
500 ## - GENERAL NOTE
General note Bibliographical references available online.
500 ## - GENERAL NOTE
General note Includes index.
520 ## - SUMMARY, ETC.
Summary, etc "Every three years, The Harriet Lane Handbook is carefully updated by residents, edited by chief residents, and reviewed by expert faculty at The Johns Hopkins Hospital. Easy to use, concise, and complete, this essential manual keeps you current with new guidelines, practice parameters, pharmacology, and more. The 23rd Edition of this portable reference continues to be the most widely used and most recognized pediatric reference worldwide--an indispensable resource for pediatric residents, students, nurses, and all healthcare professionals who treat young patients."--
Assigning source Provided by publisher
650 #0 - SUBJECT ADDED ENTRY--TOPICAL TERM
Topical term or geographic name as entry element Pediatrics
Form subdivision Handbooks, manuals, etc.
650 12 - SUBJECT ADDED ENTRY--TOPICAL TERM
Topical term or geographic name as entry element Pediatrics
650 #7 - SUBJECT ADDED ENTRY--TOPICAL TERM
Topical term or geographic name as entry element Pediatrics
Source of heading or term fast
655 #7 - INDEX TERM--GENRE/FORM
Genre/form data or focus term handbooks.
Source of term aat
655 #7 - INDEX TERM--GENRE/FORM
Genre/form data or focus term Handbooks and manuals
Source of term fast
655 #7 - INDEX TERM--GENRE/FORM
Genre/form data or focus term Handbooks and manuals.
Source of term lcgft
655 #7 - INDEX TERM--GENRE/FORM
Genre/form data or focus term Guides et manuels.
Source of term rvmgf
700 1# - ADDED ENTRY--PERSONAL NAME
Personal name Anderson, Camille C.,
Relator term editor.
700 1# - ADDED ENTRY--PERSONAL NAME
Personal name Kapoor, Sunaina,
Relator term editor.
700 1# - ADDED ENTRY--PERSONAL NAME
Personal name Mark, Tiffany E.,
Relator term editor.
942 ## - ADDED ENTRY ELEMENTS (KOHA)
Source of classification or shelving scheme Library of Congress Classification
Koha item type Reserved Books
Holdings
Withdrawn status Lost status Source of classification or shelving scheme Damaged status Not for loan Collection code Home library Current library Shelving location Date acquired Source of acquisition Total Checkouts Full call number Barcode Date last seen Copy number Price effective from Koha item type
    Library of Congress Classification     Non-fiction Taytay College Library Taytay College Library Medicine Collection 03/11/2026 Purchased   RJ48 .H2358 2024 URSTAY-5962 03/11/2026 1 03/11/2026 Reserved Books

University of Rizal System
Email us at univlibservices@urs.edu.ph

Visit our Website www.urs.edu.ph/library